000 01593cam a22004097a 4500
003 CHAP
005 20220817041717.0
008 971013s1982 r 00010 d
010 _a22202
011 _a23174
020 _a968662032X
035 _a27269
040 _cCHAP
082 _a323.3
_bC6
100 1 _aColmenares Maguregui., Ismael.
245 1 0 _aCien años de lucha de clases en México (1876-1976)
_b(lecturas de historia de México)
_c/por Ismael Colmenares M.
260 _aMéxico, D. F. :
_bQuinto Sol,
_c1982
300 _a2 v.
490 0 _aTextos universitarios
_v; 2
590 _aBATCH-UPD
_b10
_c20130110
_lUCH01
_h0926
590 _aBATCH-UPD
_b10
_c20130410
_lUCH01
_h0546
590 _aBATCH-UPD
_b10
_c20130914
_lUCH01
_h0946
590 _aCONVERSION
_b10
_c20130109
_lUCH01
_h1313
650 1 4 _aClases sociales.
_923673
650 1 4 _aMéxico
_xHistoria.
830 0 _aTextos universitarios
_v; 2
_9112581
901 _aBK
905 _aAlejandra Carrasco M.
942 _cLIBRO
949 _a323.3 C6
_bBC
_cLIBRO
_d33724000298378
_eLIBRO
_fv.1 c.2
_h62523
_i27269
_si
949 _a323.3 C6
_bBC
_cLIBRO
_d33724000310850
_eLIBRO
_fv.2 c.2
_h62525
_i27269
_si
949 _a323.3 C6
_bBC
_cLIBRO
_d33724000310868
_eLIBRO
_fv.1 c.3
_h62523
_i27269
_si
949 _a323.3 C6
_bBC
_cLIBRO
_d33724000310884
_eLIBRO
_fv.1
_h62170
_i27269
_si
949 _a323.3 C6
_bBC
_cLIBRO
_d33724000310892
_eLIBRO
_fv.2 c.3
_h62637
_i27269
_si
949 _a323.3 C6
_bBC
_cLIBRO
_d33724000445128
_eLIBRO
_fv.1 c.4
_h73997
_i27269
_si
949 _a323.3 C6
_bBC
_cLIBRO
_d33724000883575
_eLIBRO
_fv.2
_h62171
_i27269
_si
999 _c22202
_d22202